[Event "Ile et Vilaine-chA 0001"]
[Site "Ile et Vilaine"]
[Date "2000.11.11"]
[Round "2"]
[White "Boudaud, Yves"]
[Black "Talavera, Jose"]
[Result "0-1"]
[WhiteElo "1590"]
[BlackElo "1880"]
[PlyCount "108"]
[EventDate "2000.10.21"]
[EventType "swiss"]
[EventRounds "7"]
[EventCountry "FRA"]
[SourceTitle "EXT 2007"]
[Source "ChessBase"]
[SourceDate "2006.11.23"]
[SourceVersion "1"]
[SourceVersionDate "2006.11.23"]
[SourceQuality "1"]

1. d4 Nf6 2. c4 e6 3. Nc3 Bb4 4. Bd2 c5 5. Nf3 cxd4 6. Nxd4 0-0 7. e3 Nc6 8. Be2 d5 9. Nxc6 bxc6 10. a3 Bxc3 11. Bxc3 Ne4 12. Qc2 Nxc3 13. Qxc3 Ba6 14. 0-0 Qf6 15. Qxf6 gxf6 16. Rac1 Rad8 17. Rfe1 d4 18. exd4 Rxd4 19. c5 Bxe2 20. Rxe2 Rfd8 21. g3 a5 22. Rec2 Kg7 23. Rb1 Rb8 24. Kg2 Rd3 25. Re1 Rb5 26. Re3 Rxe3 27. fxe3 f5 28. Kf3 Kf6 29. e4 Rb3+ 30. Rc3 Rxc3+ 31. bxc3 Ke5 32. exf5 Kxf5 33. g4+ Ke5 34. g5 Kf5 35. h4 h6 36. gxh6 Kg6 37. Kf4 Kxh6 38. Kg4 Kg6 39. a4 Kh6 40. h5 Kg7 41. Kf4 Kh6 42. Kg4 e5 43. c4 e4 44. Kh4 f5 45. Kg3 Kxh5 46. Kf4 Kg6 47. Kg3 Kg5 48. Kf2 f4 49. Kg2 Kg4 50. Kf2 Kh3 51. Kg1 e3 52. Kf1 f3 53. Kg1 Kg3 54. Kf1 e2+ 0-1

[Event "IECC P email"]
[Site "IECC email"]
[Date "2000.06.04"]
[Round "?"]
[White "Clark, Mark J"]
[Black "Boudaud, Yves"]
[Result "1-0"]
[WhiteElo "2047"]
[BlackElo "1289"]
[PlyCount "67"]
[EventDate "2000.??.??"]
[EventType "tourn (corr)"]
[EventRounds "6"]
[SourceTitle "Corr 2008"]
[Source "ChessBase"]
[SourceDate "2008.06.24"]
[SourceVersion "1"]
[SourceVersionDate "2008.06.24"]
[SourceQuality "1"]

1. e4 c5 2. Nf3 d6 3. Nc3 Nf6 4. Bc4 e6 5. d3 Nc6 6. 0-0 Be7 7. Re1 0-0 8. Bb3 e5 9. h3 Bd7 10. Nd5 Kh8 11. Nxe7 Nxe7 12. Bg5 Nfg8 13. Qd2 f6 14. Bh4 Ng6 15. Bg3 f5 16. exf5 Rxf5 17. Bd5 Rb8 18. Be4 Rf6 19. c3 Bf5 20. d4 Bxe4 21. Rxe4 Rxf3 22. gxf3 Qf6 23. dxe5 dxe5 24. Qe2 Re8 25. f4 Nh4 26. fxe5 Qg6 27. Rxh4 Ne7 28. Rd1 Nf5 29. Rg4 Qh5 30. Kg2 Nh6 31. Re4 Qg6 32. e6 Nf5 33. e7 h6 34. Rd8 1-0

[Event "IECC Trio 594 email"]
[Site "IECC email"]
[Date "1998.08.08"]
[Round "?"]
[White "Boudaud, Yves"]
[Black "Suarez, Jaime"]
[Result "0-1"]
[WhiteElo "1326"]
[BlackElo "1367"]
[PlyCount "76"]
[EventDate "1998.??.??"]
[EventType "tourn (corr)"]
[EventRounds "4"]
[SourceTitle "Corr 2008"]
[Source "ChessBase"]
[SourceDate "2008.06.24"]
[SourceVersion "1"]
[SourceVersionDate "2008.06.24"]
[SourceQuality "1"]

1. d4 e6 2. c4 Nf6 3. Nc3 Bb4 4. Bd2 0-0 5. Nf3 b6 6. e3 Bb7 7. Be2 d5 8. cxd5 exd5 9. 0-0 a6 10. a3 Bd6 11. Rc1 c5 12. a4 Nbd7 13. b3 Ne4 14. Bd3 Ndf6 15. Qc2 Re8 16. h3 Rc8 17. Qb2 Qe7 18. Ne2 cxd4 19. Nexd4 Ba3 20. Qa2 Nxd2 21. Qxd2 Bxc1 22. Rxc1 Rxc1+ 23. Qxc1 Rc8 24. Qb2 g6 25. Ne2 Re8 26. Nfd4 Ne4 27. Nf4 Nc5 28. Be2 Qe5 29. Qa3 Ne6 30. Nfxe6 fxe6 31. b4 Qc7 32. b5 a5 33. Qb2 e5 34. Nb3 Bc8 35. Kf1 Bf5 36. Qd2 Rd8 37. Qb2 Rc8 38. g4 Be6 0-1

[Event "IECC Trio 594 email"]
[Site "IECC email"]
[Date "1998.08.08"]
[Round "?"]
[White "Cousins, Eddie"]
[Black "Boudaud, Yves"]
[Result "1-0"]
[WhiteElo "1526"]
[BlackElo "1358"]
[PlyCount "41"]
[EventDate "1998.??.??"]
[EventType "tourn (corr)"]
[EventRounds "4"]
[SourceTitle "Corr 2008"]
[Source "ChessBase"]
[SourceDate "2008.06.24"]
[SourceVersion "1"]
[SourceVersionDate "2008.06.24"]
[SourceQuality "1"]

1. e4 c5 2. Nf3 d6 3. d4 cxd4 4. Nxd4 Nf6 5. Nc3 g6 6. Be3 Bg7 7. f3 0-0 8. Qd2 Nc6 9. Bc4 a6 10. Bb3 Bd7 11. Nxc6 Bxc6 12. 0-0 Rc8 13. Rad1 Nd7 14. Rf2 Bxc3 15. Qxc3 Bxe4 16. Qd4 Bc6 17. Bh6 Nf6 18. Bxf8 Qxf8 19. Re2 Ne8 20. Qe3 e6 21. Bxe6 1-0

[Event "IECC M email"]
[Site "IECC email"]
[Date "1998.03.31"]
[Round "?"]
[White "Alessandro, Sergio"]
[Black "Boudaud, Yves"]
[Result "1-0"]
[WhiteElo "1548"]
[BlackElo "1390"]
[PlyCount "95"]
[EventDate "1998.??.??"]
[EventType "tourn (corr)"]
[EventRounds "12"]
[SourceTitle "Corr 2008"]
[Source "ChessBase"]
[SourceDate "2008.06.24"]
[SourceVersion "1"]
[SourceVersionDate "2008.06.24"]
[SourceQuality "1"]

1. d4 d5 2. c4 e6 3. Nc3 Nf6 4. Bg5 Be7 5. e3 0-0 6. Rc1 Nbd7 7. cxd5 exd5 8. Bd3 h6 9. Bh4 Re8 10. Nf3 c6 11. 0-0 Ne4 12. Bxe7 Qxe7 13. Qc2 Ndf6 14. Ne5 Ng4 15. Bxe4 Nxe5 16. Bh7+ Kf8 17. dxe5 g6 18. Bxg6 fxg6 19. Qxg6 Qg7 20. Qxg7+ Kxg7 21. f4 Bf5 22. Rfe1 Rf8 23. g3 Be6 24. a3 Rac8 25. e4 d4 26. Nb1 c5 27. f5 Bd7 28. Nd2 Bb5 29. b4 c4 30. Nf3 Rfd8 31. e6 Kf6 32. Red1 d3 33. Rc3 Ba6 34. Rd2 b5 35. g4 Bb7 36. e5+ Ke7 37. Kf2 Bxf3 38. Kxf3 a5 39. bxa5 Ra8 40. a4 Rac8 41. axb5 Rd5 42. Ke4 Rxb5 43. Rdxd3 cxd3 44. Rxc8 d2 45. Rc7+ Ke8 46. f6 d1Q 47. Rc8+ Qd8 48. f7+ 1-0